| 000 | 00392cam a22001217a 4500 | ||
|---|---|---|---|
| 008 | 180718b1991 xxu||||| |||| 00| 0 eng d | ||
| 082 | _aB73x5453 So13/91 | ||
| 245 | _aSocial background of district council members in Kerala, 1991 | ||
| 260 |
_aNew Delhi _bInstitute of Social Sciences _c1991 |
||
| 300 | _a12p. | ||
| 440 | _aISS occasional paper series-8 | ||
| 650 | _aPanchayat - Kerala - India | ||
| 999 |
_c396710 _d396710 |
||